ბათუმის შოთა რუსთაველის სახელმწიფო უნივერსიტეტის ბიბლიოთეკა

Buildings : (ბიბ.ჩანაწერი № 58731)

000 -LEADER
fixed length control field 01310cam a22003737a 4500
001 - CONTROL NUMBER
control field 15179079
003 - CONTROL NUMBER IDENTIFIER
control field
005 - DATE AND TIME OF LATEST TRANSACTION
control field 20220711122150.0
008 - FIXED-LENGTH DATA ELEMENTS--GENERAL INFORMATION
fixed length control field 080213s2008 vaua b 001 0 eng
010 ## - LIBRARY OF CONGRESS CONTROL NUMBER
LC control number 2008922933
015 ## - NATIONAL BIBLIOGRAPHY NUMBER
National bibliography number GBA858998
Source bnb
016 7# - NATIONAL BIBLIOGRAPHIC AGENCY CONTROL NUMBER
Record control number 014595741
Source Uk
020 ## - INTERNATIONAL STANDARD BOOK NUMBER
International Standard Book Number 9781441927019
035 ## - SYSTEM CONTROL NUMBER
System control number (OCoLC)ocn226280663
040 ## - CATALOGING SOURCE
Original cataloging agency UKM
Transcribing agency UKM
Modifying agency BTCTA
-- BAKER
-- YDXCP
-- OHX
-- CDX
-- EYE
-- ILU
-- TJC
-- DLC
042 ## - AUTHENTICATION CODE
Authentication code ukblsr
-- lccopycat
050 00 - LIBRARY OF CONGRESS CALL NUMBER
Classification number QA174.2
Item number .A26 2008
080 ## - UNIVERSAL DECIMAL CLASSIFICATION NUMBER
Universal Decimal Classification number 510+512 A-16
082 04 - DEWEY DECIMAL CLASSIFICATION NUMBER
Edition number 22
100 1# - MAIN ENTRY--PERSONAL NAME
Personal name Abramenko, Peter,
Dates associated with a name 1960-
9 (RLIN) 14343
245 10 - TITLE STATEMENT
Title Buildings :
Remainder of title theory and applications /
Statement of responsibility, etc. Peter Abramenko, Kenneth S. Brown.
260 ## - PUBLICATION, DISTRIBUTION, ETC.
Place of publication, distribution, etc. New York:
Name of publisher, distributor, etc. Springer,
Date of publication, distribution, etc. 2010.
300 ## - PHYSICAL DESCRIPTION
Extent xxi, 747 p. :
Other physical details ill. ;
Dimensions 24 cm.
440 #0 - SERIES STATEMENT/ADDED ENTRY--TITLE
Title Graduate texts in mathematics ;
Volume/sequential designation 248
9 (RLIN) 9001
504 ## - BIBLIOGRAPHY, ETC. NOTE
Bibliography, etc. note Includes bibliographical references (p. [719]-735) and indexes.
650 #0 - SUBJECT ADDED ENTRY--TOPICAL TERM
Topical term or geographic name entry element Buildings (Group theory)
9 (RLIN) 14344
650 #0 - SUBJECT ADDED ENTRY--TOPICAL TERM
Topical term or geographic name entry element ტექსტები მათემატიკაში
9 (RLIN) 14345
650 #0 - SUBJECT ADDED ENTRY--TOPICAL TERM
Topical term or geographic name entry element მათემატიკა
9 (RLIN) 14346
700 1# - ADDED ENTRY--PERSONAL NAME
Personal name Brown, Kenneth S.
9 (RLIN) 14347
906 ## - LOCAL DATA ELEMENT F, LDF (RLIN)
a 7
b cbc
c copycat
d 3
e ncip
f 20
g y-gencatlg
942 ## - ADDED ENTRY ELEMENTS (KOHA)
Source of classification or shelving scheme
Koha item type წიგნი
ეგზემპლარები
Withdrawn status Lost status Source of classification or shelving scheme Damaged status Not for loan Permanent Location Current Location Shelving location Date acquired Cost, normal purchase price Full call number Barcode Date last seen Copy number Price effective from Koha item type
          ბათუმის შოთა რუსთაველის სახელმწიფო უნივერსიტეტის მთავარი ბიბლიოთეკა ბათუმის შოთა რუსთაველის სახელმწიფო უნივერსიტეტის მთავარი ბიბლიოთეკა წიგნსაცავი 2022-07-11 195.00 510+512 A-16 62967 2022-07-11 62967 2022-07-11 წიგნი